[Event "Lukowica qual"]
[Site "Lukowica"]
[Date "2012.06.01"]
[Round "?"]
[White "Mazurkiewicz, Adam"]
[Black "Michalak, Marek"]
[Result "0-1"]
[WhiteElo "1535"]
[BlackElo "1937"]
[PlyCount "84"]
[EventDate "2012.05.31"]
[EventType "tourn"]
[EventRounds "9"]
[EventCountry "POL"]
[SourceTitle "EXT 2023"]
[Source "ChessBase"]
[SourceDate "2022.10.05"]
[SourceVersion "1"]
[SourceVersionDate "2022.10.05"]
[SourceQuality "1"]

1. e4 d5 2. Nc3 Nf6 3. exd5 Nxd5 4. Nxd5 Qxd5 5. Qf3 Be6 6. Bd3 Nc6 7. Be4 Qe5 8. Ne2 Bd7 9. d3 f5 10. Bd5 e6 11. Bb3 Bd6 12. c3 0-0-0 13. Bf4 Qf6 14. 0-0 e5 15. Bd2 g5 16. h3 h5 17. g3 g4 18. Qg2 f4 19. h4 f3 20. Bg5 Qg6 21. Qh2 fxe2 22. Rfe1 Rde8 23. Bc4 e4 24. d4 Ne7 25. Rxe2 Bc6 26. Rd1 Rhf8 27. d5 Bd7 28. Qg2 Rf3 29. Be3 Nf5 30. Bd4 Bxg3 31. Bxa7 Nxh4 32. Qh1 Nf5 33. fxg3 Nxg3 34. Qg2 Nxe2+ 35. Bxe2 Qd6 36. Bxf3 exf3 37. Qf2 Re2 38. Bc5 Qf4 39. Qh4 b6 40. Bf2 Rxf2 41. Rd4 Qc1+ 42. Rd1 Qxd1+ 0-1

[Event "Wisla Fianchetto op 5th"]
[Site "Wisla"]
[Date "2000.10.08"]
[Round "2.9"]
[White "Michalak, Marek"]
[Black "Szydlowski, Wiktor"]
[Result "1/2-1/2"]
[WhiteElo "2053"]
[BlackElo "2000"]
[PlyCount "62"]
[EventDate "2000.10.??"]
[EventType "swiss"]
[EventRounds "11"]
[EventCountry "POL"]
[SourceTitle "EXT 2005"]
[Source "ChessBase"]
[SourceDate "2004.11.15"]
[SourceVersion "1"]
[SourceVersionDate "2004.11.15"]
[SourceQuality "1"]

1. Nf3 d5 2. b4 Nf6 3. Bb2 g6 4. e3 Bg7 5. c4 0-0 6. d4 c6 7. Be2 h6 8. Nbd2 Nbd7 9. 0-0 Ne4 10. Nxe4 dxe4 11. Nd2 f5 12. Qb3 Kh7 13. a4 c5 14. bxc5 Nxc5 15. Qc2 Na6 16. Bc3 e6 17. g3 Rf7 18. Qb2 Rb8 19. Rfd1 Nc7 20. Nb3 b6 21. Qc2 Bb7 22. a5 Qe7 23. axb6 axb6 24. Rdb1 e5 25. d5 Qd6 26. Nd2 Na6 27. Qb2 Bc8 28. Rxa6 Bxa6 29. c5 bxc5 30. Qxb8 Qxb8 31. Rxb8 Bxe2 1/2-1/2